000 01113cam a2200289 a 4500
001 12022725
003 OSt
005 20160408183216.0
008 000526s2001 nyua b 001 0 eng
010 _a 00042270
020 _a0471364479 (cloth : alk. paper)
040 _aDLC
_cDLC
_dDLC
050 0 0 _aHF1411
_b.S239 2001
082 0 0 _a337.0905
_221
_bSAL 2001
100 1 _aSalvatore, Dominick.
_97686
245 1 0 _aInternational economics /
_cDominick Salvatore.
250 _a7th ed.
260 _aNew York :
_bJohn Wiley,
_c2001.
300 _axxxiv, 830 p. :
_bill. ;
_c24 cm.
504 _aIncludes bibliographical references and indexes.
650 0 _aInternational economic relations.
_91023
856 4 2 _3Publisher description
_uhttp://www.loc.gov/catdir/description/wiley0310/00042270.html
856 4 _3Table of Contents
_uhttp://www.loc.gov/catdir/toc/onix05/00042270.html
906 _a7
_bcbc
_corignew
_d1
_eocip
_f20
_gy-gencatlg
942 _2ddc
_cSLOAN
999 _c3440
_d3440